| 000 | 01133cam a22002773a 4500 | ||
|---|---|---|---|
| 001 | 10513 | ||
| 003 | PGUSA | ||
| 005 | 20140828083225.0 | ||
| 008 | 031201s2003||||xxu|||||s|||||000 | eng d | ||
| 040 |
_aPGUSA _beng |
||
| 042 | _adc | ||
| 050 | 4 | _aQH | |
| 100 | 1 | _aSmith, R. Cadwallader | |
| 245 | 1 | 0 |
_aOn the Seashore : _bCassell's "Eyes and No Eyes" Series, Book VII _h[electronic resource] / _cR. Cadwallader Smith |
| 260 |
_bProject Gutenberg, _c2003 |
||
| 505 | 0 | _aFive-fingered Jack -- A stroll by the sea -- Birds of the shore -- Crabs -- Shrimps, prawns and barnacles -- Plants of the shore -- Flower-like animals -- Sea-weeds and sea-grass -- The jelly-fish -- Shells and their builders (1) -- Shells and their builders (2). | |
| 506 | _aPublic domain in the USA. | ||
| 516 | _aElectronic text | ||
| 653 | _aSeashore plants -- Juvenile literature | ||
| 653 | _aMarine animals -- Juvenile literature | ||
| 653 | _aMarine plants -- Juvenile literature | ||
| 653 | _aSeashore animals -- Juvenile literature | ||
| 830 | 0 |
_aProject Gutenberg _v10513 |
|
| 856 | 4 | 0 | _uhttp://www.gutenberg.org/ebooks/10513 |
| 942 | _cEB | ||
| 999 |
_c239768 _d239768 |
||